000 00566nam a2200181Ia 4500
003 GCL
008 140319s9999 xx 000 0 ara d
040 _aGCL /
_cGCL
082 0 4 _a813.01
_bى د
100 1 _aيحيى الطاهر عبدالله
245 1 0 _aالدف والصندوق /
_cيحيى الطاهر عبدالله
300 _a136 ص
490 _aسلسلة الفهارس العالمية
_v0
650 0 4 _aالادب العربى
650 0 4 _aالقصص العربية
650 0 4 _aالقصص العربية القصيرة
942 _2ddc
_cBK
999 _c41129
_d41129